| 000 | 01095nam a2200325Ia 4500 | ||
|---|---|---|---|
| 001 | Para_7381 | ||
| 003 | CHAP | ||
| 008 | 220125s1929 xx 000 0 und d | ||
| 010 | _a206308 | ||
| 040 | _cCHAP | ||
| 082 | _aPA-C 632 B85 | ||
| 245 |
_aBoll weevil control by airplane dusting / _c by F.L. Thomas -et. al.- |
||
| 260 |
_aBrazos County, Texas : _b Agricultural and Mechanical College of Texas. Texas Agricultural Experiment Station |
||
| 300 | _a40 p. | ||
| 440 |
_aBulletin ; 394 _9172590 |
||
| 500 | _aEnc. con impresos similares | ||
| 650 |
_aAlgadón _x plagas _9172591 |
||
| 650 |
_aAlgodón _x fumigación _94016 |
||
| 650 |
_aAviación en agricultura _98698 |
||
| 650 |
_aFitopatología _x colecciones de escritos _9172523 |
||
| 700 |
_aThomas, F. L. _9112824 |
||
| 710 |
_aAgricultural and Mechanical College of Texas. Texas Agricultural Experiment Station _9172592 |
||
| 901 | _aPA-C 632 B85 | ||
| 902 | _aA | ||
| 905 | _a0000001929 ai 0000000000 00 | ||
| 910 | _a1929 | ||
| 942 | _cPARA | ||
| 942 |
_cPARA _d1 |
||
| 999 |
_c206308 _d206308 |
||